How to Master Skills for the TOEFL iBT Listening Intermediate

Guardat en:
Dades bibliogràfiques
Autor principal: Link, Will
Format: Llibre
Idioma:English
Publicat: TP.HCM 2010
Matèries:
Etiquetes: Afegir etiqueta
Sense etiquetes, Sigues el primer a etiquetar aquest registre!
Thư viện lưu trữ: Mạng thư viện Đại học Đà Nẵng
LEADER 00926nam a22002531a 4500
001 000034055
003 10247
005 20151027131604.0
008 151027s2010 000 eng
041 |a eng 
082 |a 420.8  |b LI-W  |2 Intermediate 
100 |a Link, Will 
245 |a How to Master Skills for the TOEFL iBT Listening  |c Will Link, Monika N. Kushwaha,…  |n Intermediate 
260 |a TP.HCM  |c 2010 
300 |a 333P.: ill ; 30cm 
650 |a How to Master Skills for the TOEFL iBT Listening, TOEFL iBT, Listening 
OWN |a LNN 
AVA |a UDN50  |b LNN  |d 420.8 LI-W  |e available  |t Error 5001 Not defined in file expand_doc_bib_avail.  |f 3  |g 0  |h N  |i 0  |k 1 
999 |a From the UDN01 
AVA |a UDN50  |b LNN  |d 420.8 LI-W  |e available  |t Error 5001 Not defined in file expand_doc_bib_avail.  |f 3  |g 0  |h N  |i 0  |k 1 
TYP |a Monograph 
980 |a Mạng thư viện Đại học Đà Nẵng